[Event "Scottish op"]
[Site "Dunfermline"]
[Date "2025.07.13"]
[Round "9"]
[White "Munshi, Aryan"]
[Black "Giulian Jackson, Rosemary"]
[Result "1/2-1/2"]
[WhiteElo "1981"]
[BlackElo "1902"]
[PlyCount "55"]
[EventDate "2025.07.07"]
[EventType "swiss"]
[EventRounds "9"]
[EventCountry "SCO"]
[SourceTitle "CB29_2025"]
[SourceDate "2025.07.16"]
[SourceVersion "1"]
[SourceVersionDate "2025.07.16"]
[SourceQuality "1"]

1. d4 Nf6 2. g3 d5 3. Bg2 e6 4. c4 Bb4+ 5. Nd2 0-0 6. Ngf3 b6 7. 0-0 Bb7 8. Ne5 Be7 9. b3 c5 10. Bb2 Nbd7 11. Nxd7 Qxd7 12. e3 cxd4 13. Bxd4 dxc4 14. Nxc4 Bxg2 15. Kxg2 Qd5+ 16. Qf3 Rfd8 17. a4 Qxf3+ 18. Kxf3 Nd7 19. Ke2 f6 20. f4 Nc5 21. Bxc5 Bxc5 22. Rfd1 Kf7 23. Rd2 Bb4 24. Rxd8 Rxd8 25. Rd1 Rxd1 26. Kxd1 Ke7 27. Kc2 Kd7 28. Kd3 1/2-1/2

[Event "Guernsey op 48th"]
[Site "St James"]
[Date "2024.10.17"]
[Round "5"]
[White "Giulian Jackson, Rosemary"]
[Black "Wager, John D"]
[Result "0-1"]
[WhiteElo "1894"]
[BlackElo "1980"]
[PlyCount "166"]
[EventDate "2024.10.13"]
[EventType "swiss"]
[EventRounds "7"]
[EventCountry "GCI"]
[SourceTitle "CB43_2024"]
[Source "Chessbase"]
[SourceDate "2024.10.23"]
[SourceVersion "1"]
[SourceVersionDate "2024.10.23"]
[SourceQuality "1"]

1. e4 c6 2. d4 d5 3. e5 Bf5 4. Nd2 e6 5. Nb3 Be7 6. Nf3 h5 7. a4 Nd7 8. Be2 Qc7 9. c3 c5 10. dxc5 Nxc5 11. Nbd4 Be4 12. 0-0 Nh6 13. h3 Nf5 14. Nxf5 Bxf5 15. Be3 a6 16. Bd4 g5 17. Nh2 Bg6 18. Re1 Nd7 19. Bd3 Bxd3 20. Qxd3 0-0-0 21. Rac1 Nc5 22. Qd1 Kb8 23. b4 Nd7 24. Nf1 Nb6 25. Nd2 Nc4 26. b5 Ka8 27. g3 Nxd2 28. Qxd2 Qc4 29. Ra1 Rhg8 30. Reb1 Rb8 31. Rb2 Rgc8 32. Qd1 Bc5 33. Rab1 h4 34. g4 Ba3 35. Rb3 Bc5 36. Bxc5 Qxc5 37. bxa6 bxa6 38. Qd3 Qc4 39. Rxb8+ Rxb8 40. Rxb8+ Kxb8 41. Qb1+ Kc7 42. Qh7 Qf4 43. Qd3 Qxa4 44. Qe3 Qf4 45. Qc5+ Kb7 46. Qe7+ Kb6 47. Qd6+ Kb5 48. Qc7 a5 49. Qd7+ Kc4 50. Qa4+ Kxc3 51. Qxa5+ Kd4 52. Qa1+ Kd3 53. Qa6+ Qc4 54. Qb7 Qc3 55. Qxf7 Ke2 56. Kg2 Qxe5 57. Qf3+ Ke1 58. Qb3 Qe4+ 59. Kg1 d4 60. Qb4+ Ke2 61. Qb2+ Kf3 62. Qb4 d3 63. Qf8+ Ke2 64. Qa3 Qc4 65. Qa1 d2 66. Qf1+ Kf3 67. Qxc4 d1Q+ 68. Kh2 Kxf2 69. Qc5+ Kf3 70. Qf8+ Ke4 71. Qa8+ Qd5 72. Qa4+ Ke5 73. Qa1+ Qd4 74. Qa5+ Kf6 75. Qa6 Qf2+ 76. Kh1 Qf3+ 77. Kg1 Qg3+ 78. Kf1 Qxh3+ 79. Ke1 Qg3+ 80. Kd2 Qxg4 81. Qa1+ Kg6 82. Qb1+ Qf5 83. Qb6 h3 0-1

[Event "Olympiad Women-45"]
[Site "Budapest"]
[Date "2024.09.15"]
[Round "5.24"]
[White "Giulian Jackson, Rosemary"]
[Black "Kochavi, Dana"]
[Result "0-1"]
[WhiteElo "1922"]
[BlackElo "2009"]
[PlyCount "90"]
[EventDate "2024.09.11"]
[EventType "team-swiss"]
[EventRounds "11"]
[EventCountry "HUN"]
[SourceTitle "EXT 2025"]
[Source "ChessBase"]
[SourceDate "2024.10.14"]
[SourceVersion "1"]
[SourceVersionDate "2024.10.14"]
[SourceQuality "1"]
[WhiteTeam "Scotland (W)"]
[BlackTeam "Israel (W)"]
[WhiteTeamCountry "SCO"]
[BlackTeamCountry "ISR"]

1. e4 c5 2. c3 Nf6 3. e5 Nd5 4. Nf3 Nc6 5. d4 cxd4 6. cxd4 d6 7. Bc4 Nb6 8. Bb5 Bd7 9. Nc3 dxe5 10. dxe5 g6 11. 0-0 Bg7 12. Bf4 0-0 13. Re1 Be6 14. Bxc6 bxc6 15. Qc1 Bg4 16. Ng5 h6 17. Nge4 g5 18. Bg3 Nc4 19. Nxg5 hxg5 20. Qxg5 Be6 21. b3 Nb6 22. Bf4 Nd5 23. Rad1 f6 24. exf6 exf6 25. Qg3 Bf5 26. Ne2 Re8 27. Nd4 Rxe1+ 28. Rxe1 Nxf4 29. Qxf4 Bd7 30. h4 Qb8 31. Qc1 Qb4 32. Nf3 Rc8 33. Rd1 Be6 34. Rd4 Qf8 35. Qd2 Bd5 36. Ne1 f5 37. Ra4 Qe7 38. Nc2 Rd8 39. Qf4 Bxb3 40. Ne3 Bxa4 41. Qxa4 f4 42. Nf5 Qe6 43. Nxg7 Kxg7 44. Qxa7+ Rd7 45. Qa5 Qf6 0-1

[Event "Olympiad Women-45"]
[Site "Budapest"]
[Date "2024.09.14"]
[Round "4.17"]
[White "Giulian Jackson, Rosemary"]
[Black "Demchenko, Svitlana"]
[Result "1/2-1/2"]
[WhiteElo "1922"]
[BlackElo "2167"]
[PlyCount "60"]
[EventDate "2024.09.11"]
[EventType "team-swiss"]
[EventRounds "11"]
[EventCountry "HUN"]
[SourceTitle "EXT 2025"]
[Source "ChessBase"]
[SourceDate "2024.10.14"]
[SourceVersion "1"]
[SourceVersionDate "2024.10.14"]
[SourceQuality "1"]
[WhiteTeam "Scotland (W)"]
[BlackTeam "Canada (W)"]
[WhiteTeamCountry "SCO"]
[BlackTeamCountry "CAN"]

1. e4 c5 2. c3 Nf6 3. e5 Nd5 4. Nf3 Nc6 5. d4 cxd4 6. cxd4 d6 7. Bc4 Nb6 8. Bb5 Bd7 9. Nc3 dxe5 10. dxe5 g6 11. 0-0 Bg7 12. Bf4 0-0 13. h3 a6 14. Bd3 Rc8 15. Qe2 Nb4 16. Be4 Bc6 17. Bxc6 Rxc6 18. Rfd1 N4d5 19. Nxd5 Nxd5 20. Bg3 e6 21. Nd4 Rc7 22. Rac1 Rd7 23. Nb3 Qb6 24. Nc5 Rc7 25. Ne4 Rfc8 26. Qd2 Rc6 27. Nd6 R8c7 28. Ne8 Rc8 29. Nd6 R8c7 30. Ne8 Rc8 1/2-1/2

[Event "Olympiad Women-45"]
[Site "Budapest"]
[Date "2024.09.11"]
[Round "1.59"]
[White "Gba Zota, Marcelle Auro"]
[Black "Giulian Jackson, Rosemary"]
[Result "0-1"]
[WhiteElo "1427"]
[BlackElo "1922"]
[PlyCount "70"]
[EventDate "2024.09.11"]
[EventType "team-swiss"]
[EventRounds "11"]
[EventCountry "HUN"]
[SourceTitle "EXT 2025"]
[Source "ChessBase"]
[SourceDate "2024.10.14"]
[SourceVersion "1"]
[SourceVersionDate "2024.10.14"]
[SourceQuality "1"]
[WhiteTeam "Ivory Coast (W)"]
[BlackTeam "Scotland (W)"]
[WhiteTeamCountry "IVO"]
[BlackTeamCountry "SCO"]

1. e4 e6 2. Nf3 d5 3. exd5 exd5 4. d4 Bd6 5. Nc3 c6 6. Be2 Ne7 7. 0-0 0-0 8. Re1 Bg4 9. h3 Bh5 10. Ng5 Bg6 11. Bd3 h6 12. Bxg6 Nxg6 13. Nf3 Nd7 14. Ne2 Nf6 15. Ng3 Bxg3 16. fxg3 Ne4 17. g4 Qf6 18. Rf1 Qd6 19. Nd2 Ng3 20. Rf3 Rae8 21. Nf1 Ne2+ 22. Kh1 Nxc1 23. Rxc1 Re7 24. Qd2 Rfe8 25. Ne3 Nh4 26. Rf2 Rxe3 27. Rcf1 f6 28. c3 Qg3 29. Rg1 R8e4 30. a4 Qd6 31. b3 Qe6 32. Rff1 Re2 33. Qd1 R4e3 34. Qc1 Rxh3+ 35. gxh3 Qe4+ 0-1

[Event "Scottish op"]
[Site "Dunfermline"]
[Date "2024.07.14"]
[Round "9"]
[White "Maxwell, Daniel"]
[Black "Giulian Jackson, Rosemary"]
[Result "1-0"]
[WhiteElo "2116"]
[BlackElo "1935"]
[PlyCount "63"]
[EventDate "2024.07.08"]
[EventType "swiss"]
[EventRounds "9"]
[EventCountry "SCO"]
[SourceTitle "CBM 221 Extra"]
[Source "ChessBase"]
[SourceDate "2024.09.30"]
[SourceVersion "1"]
[SourceVersionDate "2024.09.30"]
[SourceQuality "1"]

1. Nf3 e6 2. g3 b5 3. e4 Bb7 4. Qe2 a6 5. Bg2 c5 6. 0-0 d5 7. exd5 Bxd5 8. d3 Nf6 9. Nc3 Bb7 10. Ne4 Be7 11. Ne5 Nxe4 12. dxe4 Qc7 13. Nd3 0-0 14. Be3 c4 15. Nf4 Bc5 16. Rad1 Bxe3 17. Qxe3 Nd7 18. Nh5 Nb6 19. b3 Rad8 20. Rxd8 Rxd8 21. Qg5 g6 22. Nf6+ Kg7 23. Ng4 Nd7 24. Rd1 Kf8 25. Qh6+ Ke7 26. Bf3 Rh8 27. h4 cxb3 28. cxb3 Qc3 29. Bg2 Qc2 30. Rd2 Qb1+ 31. Kh2 Bxe4 32. Bxe4 1-0

[Event "Scottish op"]
[Site "Dunfermline"]
[Date "2024.07.11"]
[Round "5"]
[White "McGillivray, Calum"]
[Black "Giulian Jackson, Rosemary"]
[Result "0-1"]
[WhiteElo "1799"]
[BlackElo "1935"]
[PlyCount "90"]
[EventDate "2024.07.08"]
[EventType "swiss"]
[EventRounds "9"]
[EventCountry "SCO"]
[SourceTitle "CBM 221 Extra"]
[Source "ChessBase"]
[SourceDate "2024.09.30"]
[SourceVersion "1"]
[SourceVersionDate "2024.09.30"]
[SourceQuality "1"]

1. e4 e6 2. d4 d5 3. exd5 exd5 4. Bd3 Nc6 5. c3 Nf6 6. Bf4 Bd6 7. Ne2 Bg4 8. f3 Bh5 9. 0-0 0-0 10. Qc2 Bg6 11. Bxd6 Qxd6 12. Na3 a6 13. Ng3 Rfe8 14. Rfe1 Re7 15. Nf5 Bxf5 16. Bxf5 Rae8 17. Qd2 Nd8 18. Rxe7 Qxe7 19. Kf2 g6 20. Bd3 Qd6 21. g3 Kg7 22. Re1 Rxe1 23. Qxe1 Ne6 24. Nc2 Nd7 25. Ne3 c5 26. dxc5 Nexc5 27. Qd2 d4 28. cxd4 Qxd4 29. Ke2 Ne5 30. Be4 Qxd2+ 31. Kxd2 Nxe4+ 32. fxe4 Nf3+ 33. Kc3 Nxh2 34. Kd4 Kf6 35. Kd5 h5 36. Kd6 Nf3 37. Nd5+ Kg5 38. Ke7 Ne5 39. Nf6 h4 40. Nh7+ Kh6 41. gxh4 Kxh7 42. Kf6 Nc4 43. b3 Nd2 44. Kxf7 Nxe4 45. Ke6 Kh6 0-1

[Event "Scottish op"]
[Site "Dunfermline"]
[Date "2024.07.09"]
[Round "2"]
[White "Giulian Jackson, Rosemary"]
[Black "Holm, Kristian Stuvik"]
[Result "0-1"]
[WhiteElo "1935"]
[BlackElo "2491"]
[PlyCount "44"]
[EventDate "2024.07.08"]
[EventType "swiss"]
[EventRounds "9"]
[EventCountry "SCO"]
[SourceTitle "CBM 221 Extra"]
[Source "ChessBase"]
[SourceDate "2024.09.30"]
[SourceVersion "1"]
[SourceVersionDate "2024.09.30"]
[SourceQuality "1"]

1. e4 c6 2. d4 d5 3. e5 c5 4. dxc5 e6 5. c3 Nd7 6. Nf3 Bxc5 7. Bd3 f6 8. Qe2 fxe5 9. Nxe5 Nxe5 10. Qxe5 Nf6 11. Bb5+ Kf7 12. 0-0 Rf8 13. Bf4 Kg8 14. Bd3 Ng4 15. Qh5 Rxf4 16. Qxh7+ Kf8 17. Qh8+ Ke7 18. Qxg7+ Kd6 19. b4 Bxf2+ 20. Rxf2 Nxf2 21. Be2 Qb6 22. Na3 Nh3+ 0-1

[Event "Guernsey op 47th"]
[Site "St James"]
[Date "2023.10.20"]
[Round "6"]
[White "Hamperl, Fred A"]
[Black "Giulian Jackson, Rosemary"]
[Result "1/2-1/2"]
[WhiteElo "1998"]
[BlackElo "1866"]
[PlyCount "109"]
[EventDate "2023.10.15"]
[EventType "swiss"]
[EventRounds "7"]
[EventCountry "GCI"]
[SourceTitle "EXT 2025"]
[Source "ChessBase"]
[SourceDate "2024.10.14"]
[SourceVersion "1"]
[SourceVersionDate "2024.10.14"]
[SourceQuality "1"]

1. e4 e6 2. d4 d5 3. exd5 exd5 4. c4 Bb4+ 5. Nc3 Nf6 6. Bd3 0-0 7. Nge2 c5 8. 0-0 dxc4 9. Bxc4 Nc6 10. dxc5 Qxd1 11. Rxd1 Bxc5 12. Bg5 Be6 13. Bxe6 fxe6 14. Bxf6 gxf6 15. Ne4 Be7 16. Rd7 Rab8 17. g3 Rfd8 18. Rad1 Rxd7 19. Rxd7 f5 20. N4c3 Kf7 21. Nf4 Ke8 22. Rc7 Nd4 23. Kf1 a6 24. Nce2 Nb5 25. Rc2 Kf7 26. Nd3 Rd8 27. Ne5+ Kf6 28. f4 Rd1+ 29. Kf2 Bd6 30. a4 Nd4 31. Nxd4 Rxd4 32. Nc4 Ke7 33. Ke2 Bb4 34. Ne5 Bd6 35. Nc4 Bb4 36. b3 a5 37. Nb6 Bd6 38. Nc8+ Kd7 39. Nxd6 Rxd6 40. Ke3 Rd1 41. Ke2 Rb1 42. Rc3 Rb2+ 43. Kd3 Rxh2 44. Kc4 Kc6 45. Re3 Rh6 46. Kd4 Kd6 47. Kc4 Kc6 48. b4 axb4 49. Kxb4 Rg6 50. Kc4 h5 51. Kd4 Kd6 52. Rb3 Kc6 53. a5 Kc7 54. Kc5 Rg4 55. Re3 1/2-1/2

[Event "Guernsey op 47th"]
[Site "St James"]
[Date "2023.10.16"]
[Round "2"]
[White "Giulian Jackson, Rosemary"]
[Black "Punnett, Alan Kenneth"]
[Result "1/2-1/2"]
[WhiteElo "1866"]
[BlackElo "2071"]
[PlyCount "59"]
[EventDate "2023.10.15"]
[EventType "swiss"]
[EventRounds "7"]
[EventCountry "GCI"]
[SourceTitle "EXT 2025"]
[Source "ChessBase"]
[SourceDate "2024.10.14"]
[SourceVersion "1"]
[SourceVersionDate "2024.10.14"]
[SourceQuality "1"]

1. e4 e6 2. d4 d5 3. Nd2 Be7 4. c3 dxe4 5. Nxe4 Nf6 6. Nxf6+ Bxf6 7. Bd3 0-0 8. Nf3 c5 9. dxc5 Qd5 10. Qe2 Qxc5 11. 0-0 Nc6 12. Be3 Qh5 13. Ng5 Qxe2 14. Bxe2 e5 15. Ne4 Be7 16. Rad1 Be6 17. b3 b6 18. Ng5 Bf5 19. g4 Bg6 20. Rd7 h6 21. Nf3 Bf6 22. Rfd1 e4 23. Nd4 Ne5 24. Rd5 Rad8 25. Nb5 Rxd5 26. Rxd5 Rc8 27. c4 a6 28. Na7 Rb8 29. Bf4 Rb7 30. Bxe5 1/2-1/2

[Event "Guernsey op 46th"]
[Site "St James"]
[Date "2022.10.22"]
[Round "7"]
[White "Giulian Jackson, Rosemary"]
[Black "Wynarczyk, Raymond"]
[Result "1-0"]
[WhiteElo "1868"]
[BlackElo "1739"]
[PlyCount "79"]
[EventDate "2022.10.16"]
[EventType "swiss"]
[EventRounds "7"]
[EventCountry "GCI"]
[SourceTitle "EXT 2024"]
[Source "ChessBase"]
[SourceDate "2023.10.10"]
[SourceVersion "1"]
[SourceVersionDate "2023.10.10"]
[SourceQuality "1"]

1. e4 e5 2. Nf3 d6 3. d4 exd4 4. Nxd4 Nf6 5. Nc3 Be7 6. Bf4 0-0 7. Qd2 a6 8. a4 b6 9. Be2 Bb7 10. f3 Nbd7 11. Nf5 Re8 12. Nxe7+ Qxe7 13. 0-0 Ne5 14. Kh1 Ng6 15. Bg3 Rad8 16. Rfe1 Nh5 17. Bf2 Nhf4 18. Bc4 Qf6 19. Bd4 Qg5 20. Be3 Qf6 21. Nd5 Bxd5 22. exd5 h6 23. Bxa6 Re5 24. Bd4 Rxe1+ 25. Rxe1 Qg5 26. c4 Nh4 27. Bb5 Nf5 28. Bc3 Qh4 29. Kg1 g5 30. Re4 Qh5 31. g4 Qh3 32. Rxf4 gxf4 33. gxf5 Qxf3 34. Qg2+ Qxg2+ 35. Kxg2 Kh7 36. Kf3 Rg8 37. Kxf4 Rg2 38. h3 Kg8 39. Bf6 Kh7 40. Bd8 1-0

[Event "Wch Seniors 50 29th"]
[Site "Bucharest"]
[Date "2019.11.22"]
[Round "10"]
[White "Mirza, Gabriel"]
[Black "Giulian Jackson, Rosemary"]
[Result "0-1"]
[WhiteElo "1616"]
[BlackElo "1922"]
[PlyCount "82"]
[EventDate "2019.11.12"]
[EventType "swiss"]
[EventRounds "11"]
[EventCountry "ROU"]
[SourceTitle "CBM 193 Extra"]
[Source "ChessBase"]
[SourceDate "2020.01.31"]
[SourceVersion "1"]
[SourceVersionDate "2020.01.31"]
[SourceQuality "1"]

1. e4 e6 2. d4 d5 3. Nc3 dxe4 4. Nxe4 Nd7 5. Bd3 Ngf6 6. Nxf6+ Nxf6 7. Nf3 Be7 8. 0-0 0-0 9. c3 c5 10. dxc5 Bxc5 11. Bg5 h6 12. Bh4 Be7 13. Qc2 Nh5 14. Bh7+ Kh8 15. Rad1 Qc7 16. Bxe7 Qxe7 17. Rfe1 Nf6 18. Ne5 Nxh7 19. g3 Nf6 20. Rd4 Bd7 21. Ree4 Bc6 22. Rh4 Rad8 23. Rdf4 Rd5 24. Nxc6 bxc6 25. c4 Rh5 26. Rxh5 Nxh5 27. Rh4 Nf6 28. g4 Ng8 29. Rh5 Qf6 30. Qe2 g6 31. Ra5 Qd4 32. g5 Rd8 33. Kg2 Rd7 34. b4 h5 35. h3 Ne7 36. Ra3 Nf5 37. Rb3 Qf4 38. Qb2+ Kg8 39. Qa3 Nh4+ 40. Kf1 Rd1+ 41. Ke2 Qd2# 0-1

[Event "Wch Seniors 50 29th"]
[Site "Bucharest"]
[Date "2019.11.21"]
[Round "9"]
[White "Wolf, Eran"]
[Black "Giulian Jackson, Rosemary"]
[Result "1-0"]
[WhiteElo "1813"]
[BlackElo "1922"]
[PlyCount "61"]
[EventDate "2019.11.12"]
[EventType "swiss"]
[EventRounds "11"]
[EventCountry "ROU"]
[SourceTitle "CBM 193 Extra"]
[Source "ChessBase"]
[SourceDate "2020.01.31"]
[SourceVersion "1"]
[SourceVersionDate "2020.01.31"]
[SourceQuality "1"]

1. d4 e6 2. c4 Nf6 3. Nc3 Bb4 4. f3 d5 5. a3 Bxc3+ 6. bxc3 b6 7. cxd5 exd5 8. e3 0-0 9. Bd3 Ba6 10. Ne2 Re8 11. 0-0 c5 12. Ng3 Bxd3 13. Qxd3 c4 14. Qc2 Nc6 15. Bd2 Na5 16. Rae1 Nb3 17. e4 Nxd2 18. Qxd2 h6 19. e5 Nh7 20. f4 Qe7 21. Nf5 Qd7 22. Nd6 Re7 23. Re3 f5 24. Rg3 Rf8 25. Qd1 Re6 26. Qh5 Nf6 27. Qxh6 Ng4 28. Qg5 Rxd6 29. exd6 Qxd6 30. h3 Rf6 31. hxg4 1-0

[Event "EU-ch Seniors 50 19th"]
[Site "Rhodes"]
[Date "2019.04.13"]
[Round "8"]
[White "Lopez de Turiso, Jose Angel"]
[Black "Giulian Jackson, Rosemary"]
[Result "1/2-1/2"]
[WhiteElo "1936"]
[BlackElo "1919"]
[PlyCount "55"]
[EventDate "2019.04.06"]
[EventType "swiss"]
[EventRounds "9"]
[EventCountry "GRE"]
[SourceTitle "CBM 189 Extra"]
[Source "ChessBase"]
[SourceDate "2019.05.31"]
[SourceVersion "1"]
[SourceVersionDate "2019.05.31"]
[SourceQuality "1"]

1. c4 e6 2. Nc3 Nf6 3. e4 d5 4. cxd5 exd5 5. e5 Ne4 6. Nf3 Bf5 7. d3 Nxc3 8. bxc3 c5 9. d4 c4 10. Be2 Be7 11. 0-0 0-0 12. Ne1 Nc6 13. g4 Be6 14. f4 f5 15. exf6 Bxf6 16. Ng2 g6 17. Ne3 b5 18. a3 a5 19. Bf3 Rc8 20. f5 Bf7 21. fxg6 hxg6 22. Nc2 Kg7 23. Bf4 Bg5 24. Qd2 Bxf4 25. Qxf4 Be6 26. Qg3 Rh8 27. Rae1 Qd7 28. h3 1/2-1/2

[Event "Gibraltar Masters 17th"]
[Site "Caleta"]
[Date "2019.01.26"]
[Round "5"]
[White "Burrows, Martin P"]
[Black "Giulian Jackson, Rosemary"]
[Result "1-0"]
[WhiteElo "2156"]
[BlackElo "1908"]
[PlyCount "69"]
[EventDate "2019.01.22"]
[EventType "swiss"]
[EventRounds "10"]
[EventCountry "GGB"]
[SourceTitle "CBM 188 Extra"]
[Source "ChessBase"]
[SourceDate "2019.02.28"]
[SourceVersion "1"]
[SourceVersionDate "2019.02.28"]
[SourceQuality "1"]

1. e4 e6 2. d4 d5 3. Nc3 dxe4 4. Nxe4 Nd7 5. Nf3 Ngf6 6. Bd3 c5 7. 0-0 Nxe4 8. Bxe4 Nf6 9. Bg5 Qc7 10. Bxf6 gxf6 11. Re1 Bd7 12. d5 0-0-0 13. c4 Bd6 14. Qc2 h5 15. a3 h4 16. h3 Rh5 17. dxe6 fxe6 18. Bg6 Rhh8 19. Bf7 e5 20. Bd5 Kb8 21. Rad1 Be7 22. Qe4 Qc8 23. Nxe5 Bxh3 24. Ng6 Bf5 25. Qxe7 Bxg6 26. Bxb7 Qc7 27. Qxc7+ Kxc7 28. Re7+ Kb6 29. Bd5 Rhf8 30. b4 cxb4 31. axb4 Rf7 32. Rde1 Rxe7 33. Rxe7 Rf8 34. Rb7+ Ka6 35. b5+ 1-0

[Event "Gibraltar Masters 17th"]
[Site "Caleta"]
[Date "2019.01.24"]
[Round "3"]
[White "Giulian Jackson, Rosemary"]
[Black "Giulian, Philip Maurice"]
[Result "1/2-1/2"]
[WhiteElo "1908"]
[BlackElo "2165"]
[PlyCount "93"]
[EventDate "2019.01.22"]
[EventType "swiss"]
[EventRounds "10"]
[EventCountry "GGB"]
[SourceTitle "CBM 188 Extra"]
[Source "ChessBase"]
[SourceDate "2019.02.28"]
[SourceVersion "1"]
[SourceVersionDate "2019.02.28"]
[SourceQuality "1"]

1. e4 c6 2. d4 d5 3. e5 Bf5 4. Nd2 e6 5. Nb3 Nd7 6. Nf3 h6 7. Be2 Ne7 8. 0-0 g5 9. Ne1 Qc7 10. a4 a5 11. Be3 Bg7 12. c3 0-0 13. f4 gxf4 14. Bxf4 Ng6 15. Bg3 c5 16. Kh1 Qb6 17. Bb5 Nb8 18. Nxc5 Nxe5 19. Qe2 Nec6 20. Bd3 Bxd3 21. Ncxd3 Nd7 22. Nf4 Nf6 23. Bh4 Ne4 24. Nh5 f5 25. Nxg7 Kxg7 26. Nd3 Qc7 27. Nf4 Qf7 28. Bf2 Kh7 29. Be3 Ne7 30. Rf3 Ng8 31. Rff1 Ngf6 32. Nd3 Ng4 33. Bf4 Rg8 34. Ne5 Nxe5 35. Bxe5 Rg6 36. Qh5 Qe7 37. Bf4 Rag8 38. g3 Qg7 39. Be5 Qf8 40. Bf4 Rg4 41. Rf3 R8g6 42. Qh3 Qd8 43. Qf1 h5 44. Qb5 Qe7 45. Qxa5 h4 46. Qc7 Qxc7 47. Bxc7 1/2-1/2

[Event "Wch Seniors 50 28th"]
[Site "Bled"]
[Date "2018.11.27"]
[Round "9"]
[White "Giulian Jackson, Rosemary"]
[Black "Povse, Martin"]
[Result "0-1"]
[WhiteElo "1886"]
[BlackElo "2014"]
[PlyCount "66"]
[EventDate "2018.11.18"]
[EventType "swiss"]
[EventRounds "11"]
[EventCountry "SLO"]
[SourceTitle "CBM 187 Extra"]
[Source "ChessBase"]
[SourceDate "2018.11.04"]
[SourceVersion "1"]
[SourceVersionDate "2018.11.04"]
[SourceQuality "1"]

1. e4 c5 2. c3 e6 3. d4 cxd4 4. cxd4 Nf6 5. e5 Nd5 6. Nf3 Nb6 7. Bd3 d5 8. 0-0 Be7 9. Nc3 Bd7 10. Bf4 a6 11. Rc1 Nc6 12. Re1 h6 13. Bb1 Nc4 14. Rc2 b5 15. Rce2 g5 16. Bc1 g4 17. Nd2 Nxd4 18. Nxc4 Nxe2+ 19. Qxe2 bxc4 20. Qxg4 Bc6 21. Qg7 Kd7 22. Qg4 Bc5 23. Ne4 Be7 24. Rd1 h5 25. Qh3 Qb6 26. Qc3 Kc7 27. Nf6 Rad8 28. Be3 Bc5 29. Bxc5 Qxc5 30. Rd4 Rb8 31. Bc2 Qb4 32. Qxb4 Rxb4 33. b3 cxb3 0-1

[Event "Wch Seniors 50 28th"]
[Site "Bled"]
[Date "2018.11.20"]
[Round "3"]
[White "Haessel, Dale R"]
[Black "Giulian Jackson, Rosemary"]
[Result "0-1"]
[WhiteElo "2155"]
[BlackElo "1886"]
[PlyCount "94"]
[EventDate "2018.11.18"]
[EventType "swiss"]
[EventRounds "11"]
[EventCountry "SLO"]
[SourceTitle "CBM 187 Extra"]
[Source "ChessBase"]
[SourceDate "2018.11.04"]
[SourceVersion "1"]
[SourceVersionDate "2018.11.04"]
[SourceQuality "1"]

1. d4 e6 2. c4 Nf6 3. Nf3 Bb4+ 4. Nbd2 0-0 5. a3 Be7 6. e4 d6 7. Be2 a5 8. 0-0 Nbd7 9. Qc2 e5 10. Nb1 exd4 11. Nxd4 Nc5 12. Nc3 Re8 13. f3 c6 14. Be3 Ne6 15. Nf5 Bf8 16. Rfd1 Qc7 17. Qd2 Rd8 18. Na4 c5 19. Nc3 Ra6 20. Nd5 Qd7 21. Nxf6+ gxf6 22. Qc3 Ng7 23. Nh6+ Kh8 24. Qxf6 Be7 25. Nxf7+ Kg8 26. Nh6+ Kh8 27. Qc3 Qe6 28. Ng4 Qg6 29. Nf2 Bf6 30. Qd3 Rg8 31. Ng4 Ne8 32. e5 Bf5 33. Qb3 Bxe5 34. Qxb7 d5 35. Bxc5 h5 36. cxd5 hxg4 37. Qxa6 Qh5 38. fxg4 Qxh2+ 39. Kf1 Qh1+ 40. Bg1 Be4 41. Qb6 Qxg2+ 42. Ke1 Rg6 43. Qc5 Kg8 44. Bd4 Bg3+ 45. Kd2 Bxd5 46. Rf1 Nd6 47. Qc7 Ne4+ 0-1

[Event "Olympiad Women-43"]
[Site "Batumi"]
[Date "2018.10.03"]
[Round "9.3"]
[White "Giulian Jackson, Rosemary"]
[Black "Silva, Mariana Sofia Teixe"]
[Result "1/2-1/2"]
[WhiteElo "1924"]
[BlackElo "1924"]
[PlyCount "83"]
[EventDate "2018.09.24"]
[EventType "team-swiss"]
[EventRounds "11"]
[EventCountry "GEO"]
[SourceTitle "EXT 2020"]
[Source "ChessBase"]
[SourceDate "2019.10.17"]
[SourceVersion "1"]
[SourceVersionDate "2019.10.17"]
[SourceQuality "1"]
[WhiteTeam "Scotland (W)"]
[BlackTeam "Portugal (W)"]
[WhiteTeamCountry "SCO"]
[BlackTeamCountry "POR"]

1. e4 c6 2. d4 d5 3. e5 c5 4. dxc5 Nc6 5. Nf3 Bg4 6. Bb5 e6 7. Bxc6+ bxc6 8. b4 a5 9. c3 Qb8 10. Qd4 Bxf3 11. gxf3 Ne7 12. Bf4 Nf5 13. Qd2 Nh4 14. Kd1 Nxf3 15. Qe3 Nh4 16. a3 Nf5 17. Qf3 Qb5 18. Qe2 Qa4+ 19. Qc2 axb4 20. cxb4 Bxc5 21. Qxa4 Rxa4 22. Nc3 Bd4 23. Kc2 Bxc3 24. Kxc3 Kd7 25. Rhd1 Rha8 26. Kb2 Ne7 27. Be3 Ng6 28. Bd4 Kc7 29. Rd3 Ne7 30. Bc5 Nf5 31. Rf3 Kb7 32. Kb3 Kc7 33. Rh3 h6 34. Rf3 Kd7 35. h3 Ke8 36. Rc3 Kd7 37. Rf3 g6 38. Bb6 R4a6 39. Bc5 Ra4 40. Bb6 R4a6 41. Bc5 Ra4 42. Bb6 1/2-1/2

[Event "Olympiad Women-43"]
[Site "Batumi"]
[Date "2018.10.02"]
[Round "8.3"]
[White "Machlik, Monika"]
[Black "Giulian Jackson, Rosemary"]
[Result "1-0"]
[WhiteElo "2059"]
[BlackElo "1924"]
[PlyCount "95"]
[EventDate "2018.09.24"]
[EventType "team-swiss"]
[EventRounds "11"]
[EventCountry "GEO"]
[SourceTitle "EXT 2020"]
[Source "ChessBase"]
[SourceDate "2019.10.17"]
[SourceVersion "1"]
[SourceVersionDate "2019.10.17"]
[SourceQuality "1"]
[WhiteTeam "Norway (W)"]
[BlackTeam "Scotland (W)"]
[WhiteTeamCountry "NOR"]
[BlackTeamCountry "SCO"]

1. d4 e6 2. c4 Nf6 3. g3 Bb4+ 4. Bd2 a5 5. Bg2 d5 6. Qc2 0-0 7. Nf3 b6 8. 0-0 Bb7 9. Bg5 dxc4 10. Qxc4 Nbd7 11. Rd1 h6 12. Bxf6 Nxf6 13. Ne5 Bxg2 14. Kxg2 Qd5+ 15. Qxd5 exd5 16. Nc6 Rfe8 17. e3 Re6 18. Rc1 Ne8 19. Ne5 Bd6 20. Nd3 Kf8 21. Nc3 Nf6 22. Nb5 Rc8 23. Rc6 Ne8 24. Rac1 Rd8 25. R6c2 g5 26. a3 Ke7 27. b4 axb4 28. Nxb4 Kf8 29. Nxd5 Bxa3 30. Ndxc7 Nxc7 31. Nxa3 Nd5 32. Nb5 Rb8 33. Rc6 Ke7 34. Rxe6+ fxe6 35. e4 Nb4 36. Rc7+ Kf6 37. e5+ Kf5 38. Nd6+ Kg6 39. Re7 Nd5 40. Rxe6+ Kh7 41. Nb5 Kg7 42. Rd6 Ne7 43. Rd7 Kf7 44. Na7 b5 45. Nc6 Rb6 46. Rxe7+ Kf8 47. Rc7 b4 48. e6 1-0